| 000 | 00981nam a22002897a 4500 | ||
|---|---|---|---|
| 003 | PE SENCICO BE | ||
| 005 | 20260306154814.0 | ||
| 008 | 260217b |||||||| |||| 00| 0 eng d | ||
| 020 | _a978-612-4058-00-4 | ||
| 040 |
_aPE SENCICO BE _cPE SENCICO BE |
||
| 041 | _aspa | ||
| 082 |
_a747 _bL7 |
||
| 100 | 1 |
_aLlorella Oriol, Anja _9240 _eautor |
|
| 245 | 1 |
_aDecoración de interiores / _cAnja Llorella Oriol |
|
| 250 | _a1a ed. | ||
| 260 |
_aBarcelona : _bLexus editores ; _c2010 |
||
| 300 |
_a198 páginas : _bfotografías ; _c33 cm. |
||
| 505 | 0 | _aModelos de casas con diseños creativos | |
| 520 | 3 | _aPresenta diseños de interior innovadores, avanzada tecnología en materia de construcción | |
| 650 | 1 | 0 |
_aDecoración de interiores _9398 |
| 650 | 2 | 0 |
_aDistribución de espacios (viviendas) _9395 |
| 650 | 2 | 0 |
_aMuebles _97 |
| 700 | 1 |
_cCollin, Katherine _9241 _ecoordinadora |
|
| 700 | 1 |
_aPeco, Ana _9242 _etraductora |
|
| 910 | _ahfp | ||
| 942 |
_2ddc _cLIB |
||
| 999 |
_c9848 _d9848 |
||